01306nam a2200277Ia 450000500170000000800410001702000190005810000250007724501220010225000390022430000520026349000230031550502730033865000540061165000530066565000330071865000350075165000530078670000220083926400330086133600270089433700330092133800280095404000350098208400110101720220317001033.0160825s2007 ck a g 000 0 spa  a978958300370121 aNiño, Hugo d1947-10aPrimitivos relatos contados otra vezb héroes y mitos amazónicoscHugo Niño ; ilustraciones de Henry González a1a. edición b8a. reimpresión  a160 páginas bilustraciones en color c21 cm  aLiteratura juvenil aLos ticunas pueblan la tierra -- Yacu-Runa sale del agua -- Chuya-Chaquí -- Peta Nanayae, el combate del sueño y la palabra -- Jutíñamúi modela el universo -- Unámarai, padre del yajé -- En el principio fueron los Yorias a la sombra de la ortiga -- Yagua142LEMBaLeyendas indígenas colombianas ySiglo XX142LEMBaLiteratura Indígena ColombianaySiglo XX142LEMBaMitología Indígena142LEMBaTicunas en la literatura142LEMB aIndígenas del Amazonas en la literatura1 aGonzález, Henry aBogotábPanamericanac2007 atextobtxt2rdacontent asin mediaciónbn2rdamedia avolumenbnc2rdacarrier aCO-BoRNBPbspaerdacCO-BoRNBP aLM NI2